000 00804 a2200229 4500
001 63118
005 20260407155926.0
008 260407a1962 arg spa d
003 AR-UNSa-BCEJYS
040 _aAR-UNSa-BCEJYS
_bspa
_cAR-UNSa-BCEJYS
080 _a339.9
_xEconomía internacional en general. Relaciones económicas internacionales. Economía mundial
245 1 0 _aSolidaridad o desintegración
_pTendencias actuales de las relaciones económicas internacionales en el mundo no soviético
250 _a2a. ed.
264 1 _aMéxico :
_bFondo de Cultura Económica
_c1962
300 _a454 p.
_c21 cm.
041 _aspa
942 _cBK
590 _aniveau_biblio:m niveau_hierar:0
100 1 _aMyrdal, Gunnar
700 1 _aEchavarría, Salvador
700 1 _aGonzález Pedrero, Enrique
999 _c8000
_d8000